| 000 | 00806nam a2200277Ia 4500 | ||
|---|---|---|---|
| 001 | Para_5226 | ||
| 003 | CHAP | ||
| 008 | 220125s1917 xx 000 0 und d | ||
| 010 | _a203600 | ||
| 040 | _cCHAP | ||
| 090 | _aPA FOLLETO 2567 | ||
| 100 |
_aAshbrook, F. G _9169420 |
||
| 245 |
_aThe self-feeder for hogs / _c F. G. Ashbrook and R. E. Gongwer |
||
| 260 |
_aWashington : _b Department of Agriculture |
||
| 300 | _a12 p. | ||
| 440 |
_aEUA. Dept. of Agriculture Farmers' bull.; 906 _9169480 |
||
| 650 |
_aPorquerizas Ganado porcino _x Alojamiento _9169481 |
||
| 700 |
_aGongwer, R. E. _948629 |
||
| 901 | _aPA FOLLETO 2567 | ||
| 902 | _aA | ||
| 905 | _a0000001917 WAS 0000000000 00 | ||
| 910 | _a1917 | ||
| 942 | _cPARA | ||
| 942 |
_cPARA _d1 |
||
| 999 |
_c203600 _d203600 |
||